000 01117naa a22003017a 4500
001 BR9401132
003 BR-BrBNA
005 20240918181127.0
007 ta
008 230509b bl.||||| |||| 00| 0 por d
040 _aBR-BrBNA
_bpor
_cBiblioteca Nacional de Agricultura
041 _a(Pt)
072 _aP07
090 _aP07 BR9401132
100 1 _aVenanzi, D.
100 1 _aCerele, S.W.
100 1 _aSilva, F.M. da
245 1 _aProcessos de utilizacao de combustiveis alternativos em motores do ciclo diesel
260 3 _aSanta Maria, RS (Brasil):
_c1992.
500 _a21. Congresso Brasileiro de Engenharia Agricola e 1. Simposio de Engenharia Agricola do Cone Sul Santa Maria, RS (Brasil): 1992. v. 1 p. 344-356 (BR9401132-AM)P07
650 _aMotor Diesel
650 _aCombustivel
650 _aOleo Vegetal
650 _aTecnologia Apropriada
773 0 _t21. Congresso Brasileiro de Engenharia Agricola e 1. Simposio de Engenharia Agricola do Cone Sul
_wP07 BR9401132
_gSanta Maria, RS (Brasil), 1992. v. 1 p. 344-356
909 _a202404
_bLucia
_c55
_dLucia Elande
942 _cAM
_2AGRIS
999 _c323724
_d323724